00362pab a2200133 454500008004000000100002200040245006800062260000900130300001500139362000800154650001300162700002500175773002800200180718b2013 xxu||||| |||| 00| 0 eng d aBurchardt, Marian aMultiple secularities: Religion and modernity in the global age c2013 ap.605-611. aNov aReligion aWohlrab-Sahr, Monika aInternational Sociology